Crossword - Elements - Statistics

General Stats
  • This quiz has been taken 4,916 times
  • The average score is 19 of 25
Answer Stats
A/D Symbol Answer % Correct
5. Down He Helium
97%
9. Down H Hydrogen
97%
12. Down O Oxygen
97%
16. Across C Carbon
95%
20. Across Zn Zinc
95%
18. Across N Nitrogen
94%
10. Across Na Sodium
94%
11. Across Ag Silver
93%
8. Across Cl Chlorine
91%
2. Down Xe Xenon
91%
15. Down B Boron
89%
17. Down Ne Neon
89%
11. Down Si Silicon
88%
15. Across Be Beryllium
87%
19. Down Sn Tin
85%
1. Down Rn Radon
73%
13. Down Cr Chromium
70%
4. Down As Arsenic
66%
17. Across Np Neptunium
55%
6. Across At Astatine
48%
14. Down Db Dubnium
45%
3. Down Sb Antimony
44%
21. Across Nd Neodymium
41%
7. Down Ta Tantalum
39%
Mystery Sm Samarium
34%
No matching quizzes found
Score Distribution
Percent of People with Each Score
Percentile by Number Answered
Your Score History
You have not taken this quiz